Biblioteca

El hombre espiritual (Registro nro. 67206)

Detalles MARC
000 -LÍDER
Campo fijo de descripción fija 02161cam a2200361 i 4500
001 - NÚMERO DE CONTROL
Campo de control 768714001
003 - IDENTIFICADOR DEL NÚMERO DE CONTROL
Campo de control CO-MdFUSB
005 - FECHA Y HORA DE LA ULTIMA TRANSACCIÓN
control field 20231103114816.0
007 - CAMPO FIJO DE DESCRIPCIÓN FIJA--INFORMACIÓN GENERAL
Campo fijo de descripción fija ta
008 - ELEMENTOS DE LONGITUD FIJA -- INFORMACIÓN GENERAL
Campo fijo de descripción fija -- Información general 220215t1989 sp |||| |||| 00| 0 spa d
020 ## - NÚMERO INTERNACIONAL NORMALIZADO PARA LIBROS
Número Internacional Normalizado del libro 8476452063
Información adicional Tomo I
020 ## - NÚMERO INTERNACIONAL NORMALIZADO PARA LIBROS
Número Internacional Normalizado del libro 84-7645-205-5
020 ## - NÚMERO INTERNACIONAL NORMALIZADO PARA LIBROS
Número Internacional Normalizado del libro 8476452071
Información adicional Tomo II
020 ## - NÚMERO INTERNACIONAL NORMALIZADO PARA LIBROS
Número Internacional Normalizado del libro 847645208X
Información adicional Tomo III
040 ## - FUENTE DE CATALOGACIÓN
Agencia de catalogación original CO-MdFUSB
Idioma de catalogación spa
Agencia que realiza la transcripción CO-MdFUSB
Agencia que realiza la modificación CO-MdFUSBC
Convenciones de la descripción rda
041 ## - CÓDIGO DE IDIOMA
Código de idioma para texto/pista de sonido o título separado spa
082 ## - NÚMERO DE CLASIFICACIÓN DECIMAL DEWEY
Número de la edición del Dewey 23
Número de clasificación 248.2
Clave de autor-Numero de item N372
100 ## - ASIENTO PRINCIPAL--NOMBRE PERSONAL
Nombre personal Nee, Watchman.
Término relacionador autor
245 #3 - TÍTULO
Título del Material El hombre espiritual
Mención de responsabilidad, etc. / Watchman Nee
264 #1 - PRODUCCIÓN, PUBLICACIÓN, DISTRIBUCIÓN, MANUFACTURA, Y COPYRIGHT
Lugar de producción, publicación, distribución, manufactura España :
Nombre del productor, publicador, distribuidor Clie,
Fecha de producción, publicación, distribución, manufactura, o copyright [1989]
264 #4 - PRODUCCIÓN, PUBLICACIÓN, DISTRIBUCIÓN, MANUFACTURA, Y COPYRIGHT
Fecha de producción, publicación, distribución, manufactura, o copyright © 1989
300 ## - DESCRIPCIÓN FÍSICA
Extensión 481 páginas
Dimensiones ; 20 cm
336 ## - TIPO DE CONTENIDO
Fuente rdacontent
Término de tipo de contenido texto
Código de tipo de contenido txt
337 ## - TIPO DE MEDIO
Fuente rdamedia
Nombre del tipo de medio sin mediación
Código del tipo de medio n
338 ## - TIPO DE SOPORTE
Fuente rdacarrier
Nombre del tipo de soporte volumen
Código Tipo de soporte nc
505 ## - NOTA DE CONTENIDO
Título Tomo uno: Espíritu, Alma Y Cuerpo:
Nota de contenido con formato preestablecido Espíritu, alma y cuerpo. – El espíritu y el alma. – La caída del hombre. – La salvación. -- La carne. -- La carne y la salvación. -- El creyente carnal. -- La cruz y el Espíritu Santo. -- La jactancia de la carne. -- La actitud definitiva del creyente con la carne. -- El alma. -- La liberación del pecado la vida del alma. -- La experiencia de los creyentes anímicos. -- Los peligros de la vida anímica. -- la cruz y el alma. -- Los creyentes espirituales y el alma.
505 ## - NOTA DE CONTENIDO
Título Tomo dos: Análisis Del Espíritu:<br/>
Nota de contenido con formato preestablecido Espíritu Santo y el espíritu del creyente. -- El hombre espiritual. – La obra espiritual. -- Oración y combate. -- Un análisis del espíritu; La intuición. – La comunión. – La conciencia. -- Andando según el espíritu. – Los peligros de la vida espiritual. -- Las leyes del espíritu. -- El principio de la mente en ayuda del espíritu. -- La normalidad del espíritu. -- El análisis de la emoción del alma. -- El creyente y la emoción. -- El afecto. – Los deseos. -- Una vida de sentimiento. -- La vida de fe.<br/>
505 ## - NOTA DE CONTENIDO
Título Tomo III: Análisis de alma y cuerpo
Nota de contenido con formato preestablecido Parte I. El análisis del alma: la mente -- Parte II. El análisis del alma: la voluntad -- Parte III. El cuerpo.
563 ## - NOTA DE ENCUADERNACIÓN
Nota de encuadernación Rústico
650 #0 - ASIENTO SECUNDARIO DE MATERIA - TERMINO TEMÁTICO
9 (RLIN) 51
Término temático o nombre geográfico como elemento de entrada Vida espiritual
942 ## - TIPO DE MATERIAL (KOHA)
Tipo de Item KOHA Libros General
945 ## - INFORMACIÓN LOCAL DEL REGISTRO
Catalogador Mag1104
Existencias
Estado de Material Estado de Perdido Forma de Clasificación Estado de Dañado No para Préstamo Colección Biblioteca de Origen Biblioteca Permanente Fecha de Adquisición Área Total de Préstamos Total de Renovaciones Signatura Topográfica Código de Barras Última vez visto Última vez Préstado Ejemplar/Existencia Fecha de Remplazo Tipo de Material
    Dewey Decimal Classification     Colección General Biblioteca FUSBC Biblioteca FUSBC 15/02/2022 CRISTIANISMO Y OTRAS DISCIPLINAS 1 2 G 248.2 N372h 6870 07/04/2026 04/03/2026 Tomo 1, ej..1 15/02/2022 Libros General
    Dewey Decimal Classification     Colección General Biblioteca FUSBC Biblioteca FUSBC 15/02/2022 CRISTIANISMO Y OTRAS DISCIPLINAS     G 248.2 N372h 6876 15/02/2022   Tomo 2, ej..1 15/02/2022 Libros General
    Dewey Decimal Classification     Colección General Biblioteca FUSBC Biblioteca FUSBC 06/10/2023 CRISTIANISMO Y OTRAS DISCIPLINAS     G 248.2 N372h 22546 06/10/2023   Tomo 3, ej..1 06/10/2023 Libros General

Biblioteca FUSBC | Teléfono: (57+4) 349 88 10 Ext. 141| WhatsApp (+57) 3005338115 
E-mail: biblioteca@unisbc.edu.co | Calle 76 87-14 Robledo Palenque, Medellín, Colombia

Con tecnología Koha